[Event "Scarborough CC-ch reserves U1700"]
[Site "Toronto CAN"]
[Date "2009.03.19"]
[Round "4"]
[White "Azmitia, Gabriel"]
[Black "Yie, Kevin Yi Xiao"]
[Result "1-0"]
[WhiteElo "1472"]
[BlackElo "914"]
[PlyCount "85"]
[GameId "2160767910260513"]
[EventDate "2009.02.26"]
[EventType "swiss"]
[EventRounds "9"]
[EventCountry "CAN"]
[SourceTitle "EXT 2011"]
[Source "ChessBase"]
[SourceDate "2011.11.26"]
[SourceVersion "1"]
[SourceVersionDate "2011.11.26"]
[SourceQuality "1"]

1. d4 d5 2. Nf3 Nc6 3. e3 Bf5 4. Bd3 Bxd3 5. Qxd3 Nf6 6. O-O e6 7. a3 g6 8. b3 Bg7 9. Bb2 O-O 10. Nbd2 Qd6 11. Ne5 Qd8 12. f4 Nd7 13. Ndf3 Ndxe5 14. fxe5 Ne7 15. g4 Rc8 16. Rac1 b6 17. c4 dxc4 18. Rxc4 f5 19. exf6 Bxf6 20. Qe4 Qd5 21. Qc2 Bg7 22. b4 Rxf3 23. Qe2 Rxf1+ 24. Qxf1 Rf8 25. Qe2 c6 26. e4 Qd8 27. e5 b5 28. Rc2 h6 29. h3 g5 30. Rc5 Ng6 31. Bc1 Nf4 32. Bxf4 gxf4 33. Qf2 f3 34. Rxc6 Qa8 35. Rxe6 h5 36. Rg6 hxg4 37. Rxg4 a5 38. Qa2+ Rf7 39. Rf4 f2+ 40. Kxf2 axb4 41. Qxf7+ Kh8 42. Rh4+ Bh6 43. Rxh6# 1-0

[Event "Scarborough CC-ch reserves U1700"]
[Site "Toronto CAN"]
[Date "2009.03.19"]
[Round "4"]
[White "Smith, Maurice"]
[Black "Dattani, Dinesh"]
[Result "1-0"]
[WhiteElo "1660"]
[BlackElo "1374"]
[PlyCount "55"]
[GameId "2160767910260514"]
[EventDate "2009.02.26"]
[EventType "swiss"]
[EventRounds "9"]
[EventCountry "CAN"]
[SourceTitle "EXT 2011"]
[Source "ChessBase"]
[SourceDate "2011.11.26"]
[SourceVersion "1"]
[SourceVersionDate "2011.11.26"]
[SourceQuality "1"]

1. e4 e5 2. Nf3 Nc6 3. Bb5 a6 4. Ba4 Bc5 5. O-O b5 6. Bb3 Nf6 7. d3 O-O 8. Bg5 d6 9. h3 Be6 10. Bxe6 fxe6 11. Re1 Qe8 12. Nbd2 Nh5 13. Be3 Bxe3 14. Rxe3 Nf4 15. Nf1 Rf6 16. Ng3 Qg6 17. Nh4 Qh6 18. Qg4 Nd4 19. Rc1 Raf8 20. c3 Nxd3 21. Rxd3 Qxc1+ 22. Kh2 Qc2 23. Nh5 R6f7 24. Rg3 g6 25. Nxg6 Qe2 26. Ne7+ Kh8 27. Qg8+ Rxg8 28. Rxg8# 1-0

[Event "Scarborough CC-ch reserves U1700"]
[Site "Toronto CAN"]
[Date "2009.03.19"]
[Round "4"]
[White "Ward, Dean"]
[Black "Bao, Stephen"]
[Result "1/2-1/2"]
[WhiteElo "1700"]
[BlackElo "1222"]
[PlyCount "125"]
[GameId "2160767910260515"]
[EventDate "2009.02.26"]
[EventType "swiss"]
[EventRounds "9"]
[EventCountry "CAN"]
[SourceTitle "EXT 2011"]
[Source "ChessBase"]
[SourceDate "2011.11.26"]
[SourceVersion "1"]
[SourceVersionDate "2011.11.26"]
[SourceQuality "1"]

1. e4 c5 2. Nf3 d6 3. d4 cxd4 4. Nxd4 Nf6 5. Nc3 Nc6 6. Bg5 e6 7. f4 Be7 8. Ndb5 a6 9. Bxf6 gxf6 10. Nd4 Qb6 11. Nxc6 bxc6 12. Qc1 Rb8 13. Rb1 d5 14. exd5 cxd5 15. Kd1 Bb4 16. Ne2 a5 17. c3 Bc5 18. Qc2 Be3 19. g3 Bb7 20. Bg2 d4 21. Be4 Bxe4 22. Qxe4 Rd8 23. cxd4 Bxd4 24. Ke1 f5 25. Qf3 Qb4+ 26. Kf1 Rd5 27. Nxd4 Qxd4 28. Kg2 Qd2+ 29. Kh3 Qb4 30. Qc3 Qxc3 31. bxc3 O-O 32. c4 Rc5 33. Rb5 Rxc4 34. Rxa5 f6 35. Re1 Re4 36. Rxe4 fxe4 37. Ra6 e5 38. fxe5 fxe5 39. Re6 Rf5 40. Kg4 Rf2 41. Rxe5 Rxa2 42. h4 Ra4 43. Kf4 Kf7 44. Rxe4 Ra1 45. Kg5 Ra6 46. Rf4+ Kg7 47. h5 h6+ 48. Kh4 Ra5 49. g4 Ra3 50. Rf2 Re3 51. Rg2 Kf6 52. Rg3 Re4 53. Rf3+ Kg7 54. Kg3 Ra4 55. Re3 Kf6 56. Kf3 Rd4 57. Re4 Rd1 58. Rf4+ Kg5 59. Rf5+ Kh4 60. Ke2 Rg1 61. Rf6 Rxg4 62. Rxh6 Rg5 63. Kf3 1/2-1/2

[Event "Scarborough CC-ch reserves U1700"]
[Site "Toronto CAN"]
[Date "2009.03.19"]
[Round "4"]
[White "Xie, Peter"]
[Black "Pishdad, Hassan"]
[Result "0-1"]
[WhiteElo "1493"]
[BlackElo "1344"]
[PlyCount "60"]
[GameId "2160767910260516"]
[EventDate "2009.02.26"]
[EventType "swiss"]
[EventRounds "9"]
[EventCountry "CAN"]
[SourceTitle "EXT 2011"]
[Source "ChessBase"]
[SourceDate "2011.11.26"]
[SourceVersion "1"]
[SourceVersionDate "2011.11.26"]
[SourceQuality "1"]

1. e4 c5 2. Nf3 Nc6 3. d4 cxd4 4. Nxd4 g6 5. Be3 Bg7 6. c4 Nxd4 7. Bxd4 Qa5+ 8. Nc3 Bxd4 9. Qxd4 e5 10. Qd5 Qc7 11. b4 Nf6 12. Qd3 O-O 13. Nb5 Qc6 14. f3 a6 15. Nd6 Ne8 16. Nxe8 Rxe8 17. Qb3 Qe6 18. Be2 Rb8 19. O-O b5 20. a4 bxa4 21. Rxa4 Qb6+ 22. Kh1 a5 23. b5 d6 24. Qc3 Ra8 25. Rfa1 Be6 26. Rxa5 Rxa5 27. Rxa5 Qf2 28. Qd3 Qe1+ 29. Bf1 Qxa5 30. Qxd6 Qe1 0-1

[Event "Scarborough CC-ch reserves U1700"]
[Site "Toronto CAN"]
[Date "2009.03.19"]
[Round "4"]
[White "Yusuf, Magas"]
[Black "Farrant-Diaz, Nathan"]
[Result "0-1"]
[WhiteElo "1318"]
[BlackElo "1440"]
[PlyCount "46"]
[GameId "2160767910260517"]
[EventDate "2009.02.26"]
[EventType "swiss"]
[EventRounds "9"]
[EventCountry "CAN"]
[SourceTitle "EXT 2011"]
[Source "ChessBase"]
[SourceDate "2011.11.26"]
[SourceVersion "1"]
[SourceVersionDate "2011.11.26"]
[SourceQuality "1"]

1. e4 b6 2. Nf3 Bb7 3. Nc3 e6 4. d4 Bb4 5. Bd3 Nf6 6. Qe2 d5 7. e5 Ne4 8. Bd2 Bxc3 9. Bxc3 O-O 10. O-O h6 11. Nd2 Nxc3 12. bxc3 c5 13. Qe3 Nd7 14. Bb5 Rc8 15. Rac1 Rc7 16. Bxd7 Qxd7 17. Nb3 Rfc8 18. Qe2 Qa4 19. dxc5 Ba6 20. Qd2 Bxf1 21. cxb6 axb6 22. Rxf1 Rxc3 23. Qd4 Qxa2 0-1

[Event "Scarborough CC-ch reserves U1700"]
[Site "Toronto CAN"]
[Date "2009.03.26"]
[Round "5"]
[White "Orenbach, Jonathan"]
[Black "Souchko, Larissa"]
[Result "1-0"]
[WhiteElo "1395"]
[BlackElo "1238"]
[PlyCount "55"]
[GameId "2160767910260518"]
[EventDate "2009.02.26"]
[EventType "swiss"]
[EventRounds "9"]
[EventCountry "CAN"]
[SourceTitle "EXT 2011"]
[Source "ChessBase"]
[SourceDate "2011.11.26"]
[SourceVersion "1"]
[SourceVersionDate "2011.11.26"]
[SourceQuality "1"]

1. e4 e5 2. Nf3 Nc6 3. Bb5 a6 4. Ba4 d6 5. d4 exd4 6. Nxd4 Bd7 7. Nxc6 bxc6 8. Nc3 Be7 9. Be3 Nf6 10. Qd2 h5 11. O-O-O Rb8 12. e5 Ng4 13. exd6 cxd6 14. Kb1 Nxe3 15. Qxe3 g6 16. Rxd6 Kf8 17. Rd3 Ba3 18. Nd1 Qc7 19. Rxa3 Bf5 20. Qc5+ Kg7 21. Qxc6 Qe5 22. Qc3 Qxc3 23. Nxc3 Rhd8 24. Rd1 Rdc8 25. Rb3 Ra8 26. Bd7 Bxd7 27. Rxd7 Re8 28. a3 1-0

[Event "Scarborough CC-ch reserves U1700"]
[Site "Toronto CAN"]
[Date "2009.03.26"]
[Round "5"]
[White "Stein, Jacob"]
[Black "Bao, Stephen"]
[Result "1-0"]
[WhiteElo "1642"]
[BlackElo "1222"]
[PlyCount "81"]
[GameId "2160767910260519"]
[EventDate "2009.02.26"]
[EventType "swiss"]
[EventRounds "9"]
[EventCountry "CAN"]
[SourceTitle "EXT 2011"]
[Source "ChessBase"]
[SourceDate "2011.11.26"]
[SourceVersion "1"]
[SourceVersionDate "2011.11.26"]
[SourceQuality "1"]

1. Nf3 d5 2. d4 c6 3. c3 Bg4 4. h3 Bh5 5. Bf4 e6 6. Nbd2 f5 7. Qb3 b6 8. Bxb8 Qxb8 9. Ne5 Qc7 10. e3 Bd6 11. Nxc6 a6 12. Qa4 Kf7 13. Nb4 a5 14. Nd3 Nf6 15. Be2 Bg6 16. Nf3 Ke7 17. Nfe5 Be8 18. Qc2 Nd7 19. Nxd7 Bxd7 20. f4 Rab8 21. O-O g6 22. Bf3 Bb5 23. Rf2 Qc4 24. Be2 Qc8 25. Raf1 Qa6 26. a4 Bxd3 27. Bxd3 Qc8 28. g4 Kf7 29. Rg2 Be7 30. Kh2 Bd6 31. Rfg1 Rg8 32. gxf5 exf5 33. Qb3 Qe6 34. Rg3 Bc7 35. c4 g5 36. cxd5 Qd6 37. Rxg5 Rxg5 38. Rxg5 Rg8 39. Rxf5+ Ke7 40. Re5+ Kf7 41. Re6 1-0

[Event "Scarborough CC-ch reserves U1700"]
[Site "Toronto CAN"]
[Date "2009.03.26"]
[Round "5"]
[White "Walker, John"]
[Black "Xi, Jason"]
[Result "1-0"]
[WhiteElo "1256"]
[BlackElo "1064"]
[PlyCount "73"]
[GameId "2160767910260520"]
[EventDate "2009.02.26"]
[EventType "swiss"]
[EventRounds "9"]
[EventCountry "CAN"]
[SourceTitle "EXT 2011"]
[Source "ChessBase"]
[SourceDate "2011.11.26"]
[SourceVersion "1"]
[SourceVersionDate "2011.11.26"]
[SourceQuality "1"]

1. d4 d5 2. Nf3 Nf6 3. e3 e6 4. Nbd2 c5 5. b3 cxd4 6. exd4 Bb4 7. Bd3 O-O 8. O-O Bd6 9. Bb2 Nc6 10. Ne5 Nb4 11. Be2 Qc7 12. c3 Nc6 13. f4 Nd7 14. Bd3 Qb6 15. Kh1 Nf6 16. Ng4 Nxg4 17. Qxg4 h6 18. Qh5 Qa5 19. b4 Qc7 20. f5 exf5 21. Bxf5 Bxf5 22. Rxf5 Ne7 23. Rf2 Rac8 24. Raf1 Nc6 25. Nf3 Rcd8 26. Bc1 Rd7 27. g3 Nd8 28. Bd2 Qc6 29. Nh4 b6 30. Rf3 Ne6 31. Nf5 Rc8 32. Bxh6 gxh6 33. Nxh6+ Kg7 34. Rxf7+ Rxf7 35. Qxf7+ Kxh6 36. Rf6+ Kg5 37. Qg6# 1-0

[Event "Scarborough CC-ch reserves U1700"]
[Site "Toronto CAN"]
[Date "2009.03.26"]
[Round "5"]
[White "Xie, Peter"]
[Black "Yusuf, Magas"]
[Result "1-0"]
[WhiteElo "1493"]
[BlackElo "1318"]
[PlyCount "103"]
[GameId "2160767910260521"]
[EventDate "2009.02.26"]
[EventType "swiss"]
[EventRounds "9"]
[EventCountry "CAN"]
[SourceTitle "EXT 2011"]
[Source "ChessBase"]
[SourceDate "2011.11.26"]
[SourceVersion "1"]
[SourceVersionDate "2011.11.26"]
[SourceQuality "1"]

1. e4 e5 2. Nf3 Nc6 3. Bb5 a6 4. Ba4 Nf6 5. O-O d6 6. Re1 b5 7. Bb3 Bb7 8. c3 Be7 9. d3 O-O 10. Nbd2 b4 11. c4 Nd4 12. Nxd4 exd4 13. Nf3 c5 14. h3 Re8 15. Ba4 Rf8 16. Qe2 Qc7 17. Bf4 Qa5 18. Bc2 Rfe8 19. Qd1 Nd7 20. Re2 Bf6 21. Bxd6 Be5 22. Nxe5 Nxe5 23. f4 Nd7 24. f5 Ne5 25. Ba4 Bc6 26. Bxc6 Nxc6 27. Qf1 f6 28. Qf4 Ne5 29. Bxe5 Rxe5 30. h4 Rae8 31. h5 h6 32. Rf2 Qc7 33. Rf3 Qf7 34. Qh2 a5 35. Rg3 R8e7 36. Rg6 Qe8 37. Rf1 Qa4 38. g4 Kh7 39. g5 Rf7 40. b3 Qe8 41. gxh6 gxh6 42. Qf4 Qf8 43. Rxf6 Rg7+ 44. Rg6 Qf6 45. Qxh6+ Kg8 46. Rf2 Ree7 47. Rfg2 Rxg6 48. Rxg6+ Rg7 49. Kf1 Qe5 50. Qxg7+ Qxg7 51. f6 Qxg6 52. hxg6 1-0

[Event "Scarborough CC-ch reserves U1700"]
[Site "Toronto CAN"]
[Date "2009.04.02"]
[Round "6"]
[White "Dattani, Dinesh"]
[Black "Graham, John"]
[Result "1/2-1/2"]
[WhiteElo "1374"]
[BlackElo "1497"]
[PlyCount "78"]
[GameId "2160767910260522"]
[EventDate "2009.02.26"]
[EventType "swiss"]
[EventRounds "9"]
[EventCountry "CAN"]
[SourceTitle "EXT 2011"]
[Source "ChessBase"]
[SourceDate "2011.11.26"]
[SourceVersion "1"]
[SourceVersionDate "2011.11.26"]
[SourceQuality "1"]

1. e4 e5 2. Nf3 Nc6 3. d4 d6 4. dxe5 dxe5 5. Qxd8+ Kxd8 6. Nc3 Bb4 7. Bd2 Nf6 8. Bc4 Be6 9. Bxe6 fxe6 10. O-O-O Ke7 11. Nb5 Bd6 12. Rhe1 a5 13. h3 h6 14. Nh4 Kf7 15. Bc3 Rhd8 16. Nf3 Ke7 17. Nd2 Rf8 18. Nc4 Ne8 19. f3 Bb4 20. Re3 Bxc3 21. Rxc3 Kf6 22. a3 Rf7 23. Rcd3 Ne7 24. Rd7 c6 25. Nc7 Nxc7 26. Rxc7 b5 27. Nd6 Rff8 28. Nb7 Rfc8 29. Rxc8 Nxc8 30. Rd8 Ra7 31. Nxa5 Rxa5 32. Rxc8 Ra6 33. Rc7 g6 34. Kd2 Kg5 35. g4 h5 36. gxh5 gxh5 37. Kc3 Kh4 38. Kb4 Ra4+ 39. Kb3 Kxh3 1/2-1/2

[Event "Scarborough CC-ch reserves U1700"]
[Site "Toronto CAN"]
[Date "2009.04.02"]
[Round "6"]
[White "Orenbach, Jonathan"]
[Black "Pishdad, Hassan"]
[Result "1-0"]
[WhiteElo "1395"]
[BlackElo "1344"]
[PlyCount "65"]
[GameId "2160767910260523"]
[EventDate "2009.02.26"]
[EventType "swiss"]
[EventRounds "9"]
[EventCountry "CAN"]
[SourceTitle "EXT 2011"]
[Source "ChessBase"]
[SourceDate "2011.11.26"]
[SourceVersion "1"]
[SourceVersionDate "2011.11.26"]
[SourceQuality "1"]

1. d4 d5 2. c4 dxc4 3. e4 b5 4. Nf3 Bb7 5. Qc2 e6 6. Be3 Na6 7. a3 Nf6 8. Nc3 Qd7 9. Ne5 Qd8 10. Be2 Bd6 11. Rd1 Qc8 12. Nf3 O-O 13. e5 Bxe5 14. dxe5 Nd5 15. Nxb5 Nxe3 16. fxe3 Bd5 17. e4 Bb7 18. Bxc4 c6 19. Nd6 Qc7 20. Nxb7 Qxb7 21. Bxa6 Qxa6 22. Qd3 Qb6 23. Rd2 Rfd8 24. Qc3 a5 25. Ke2 Qb5+ 26. Kf2 Qb6+ 27. Kg3 c5 28. Rhd1 Rxd2 29. Rxd2 Qc6 30. Qc4 a4 31. Rd6 Qb7 32. Qxa4 Rxa4 33. Rd8# 1-0

[Event "Scarborough CC-ch reserves U1700"]
[Site "Toronto CAN"]
[Date "2009.04.02"]
[Round "6"]
[White "Walker, John"]
[Black "Xie, Peter"]
[Result "1-0"]
[WhiteElo "1256"]
[BlackElo "1493"]
[PlyCount "65"]
[GameId "2160767910260524"]
[EventDate "2009.02.26"]
[EventType "swiss"]
[EventRounds "9"]
[EventCountry "CAN"]
[SourceTitle "EXT 2011"]
[Source "ChessBase"]
[SourceDate "2011.11.26"]
[SourceVersion "1"]
[SourceVersionDate "2011.11.26"]
[SourceQuality "1"]

1. d4 d5 2. Nf3 Nc6 3. e3 a6 4. Nbd2 Bf5 5. a3 e6 6. Bd3 Bxd3 7. cxd3 Bd6 8. O-O Nf6 9. b3 Qe7 10. Bb2 h5 11. e4 Bf4 12. Re1 O-O-O 13. a4 g5 14. Ne5 Nxe5 15. dxe5 Ng4 16. g3 Bxe5 17. Bxe5 Nxe5 18. Nf3 f6 19. Nxe5 fxe5 20. Qc2 Kb8 21. Rac1 h4 22. exd5 exd5 23. b4 hxg3 24. fxg3 Rc8 25. b5 axb5 26. axb5 Qb4 27. Rb1 Qd4+ 28. Kg2 c5 29. bxc6 Rxc6 30. Qxc6 Rh7 31. Qd6+ Ka8 32. Ra1+ Qxa1 33. Rxa1# 1-0

[Event "Scarborough CC-ch reserves U1700"]
[Site "Toronto CAN"]
[Date "2009.04.02"]
[Round "6"]
[White "Woolford, Jesse"]
[Black "Souchko, Larissa"]
[Result "1/2-1/2"]
[WhiteElo "1131"]
[BlackElo "1238"]
[PlyCount "95"]
[GameId "2160767910260525"]
[EventDate "2009.02.26"]
[EventType "swiss"]
[EventRounds "9"]
[EventCountry "CAN"]
[SourceTitle "EXT 2011"]
[Source "ChessBase"]
[SourceDate "2011.11.26"]
[SourceVersion "1"]
[SourceVersionDate "2011.11.26"]
[SourceQuality "1"]

1. e4 c5 2. b3 d6 3. Bb2 Nc6 4. Nc3 a6 5. a4 Nf6 6. f4 e6 7. Nf3 Be7 8. d3 b6 9. Be2 O-O 10. O-O Bb7 11. Qe1 d5 12. e5 Nd7 13. Rd1 Nb4 14. Rd2 f5 15. Bd1 d4 16. Ne2 Nd5 17. Qg3 Ne3 18. Rf2 Bxf3 19. Qxf3 Rc8 20. c3 dxc3 21. Nxc3 Ng4 22. Rf1 g5 23. Qh3 Qe8 24. Bxg4 fxg4 25. Qxg4 Qg6 26. Ne4 h5 27. Qg3 g4 28. h3 Rf7 29. Rdf2 Rcf8 30. hxg4 hxg4 31. Rc1 Rh7 32. Kf1 Bh4 33. Qe3 Bxf2 34. Kxf2 Rf5 35. Nd6 Rf8 36. d4 Rh4 37. dxc5 g3+ 38. Ke2 Nxc5 39. Ba3 Rhxf4 40. Bxc5 Rf2+ 41. Kd1 Qg4+ 42. Ke1 Rf1+ 43. Kd2 R1f2+ 44. Ke1 bxc5 45. Rxc5 Qb4+ 46. Rc3 Rf1+ 47. Kd2 Qg4 48. Rc1 1/2-1/2

[Event "Scarborough CC-ch reserves U1700"]
[Site "Toronto CAN"]
[Date "2009.04.02"]
[Round "6"]
[White "Yie, Kevin Yi Xiao"]
[Black "Wang, Jason"]
[Result "1-0"]
[WhiteElo "914"]
[BlackElo "943"]
[PlyCount "131"]
[GameId "2160767910260527"]
[EventDate "2009.02.26"]
[EventType "swiss"]
[EventRounds "9"]
[EventCountry "CAN"]
[SourceTitle "EXT 2011"]
[Source "ChessBase"]
[SourceDate "2011.11.26"]
[SourceVersion "1"]
[SourceVersionDate "2011.11.26"]
[SourceQuality "1"]

1. e4 e5 2. Nf3 d6 3. Bc4 Nc6 4. O-O Nf6 5. Ng5 d5 6. exd5 Nxd5 7. d3 h6 8. Ne4 Nf6 9. Nxf6+ Qxf6 10. c3 Be6 11. Bxe6 Qxe6 12. d4 Rd8 13. b4 exd4 14. Re1 dxc3 15. Rxe6+ fxe6 16. Qc2 Nxb4 17. Qa4+ c6 18. g3 Rd3 19. Qxa7 Rd1+ 20. Kg2 Rxc1 21. Qb6 g5 22. Qxb7 c2 23. Qa7 Bg7 24. Qxg7 Rxb1 25. Rxb1 cxb1=Q 26. Qxh8+ Kd7 27. Qxh6 Qxa2 28. Qh7+ Kd6 29. Qg6 Nd3 30. Qxd3+ Qd5+ 31. Qxd5+ exd5 32. Kf3 Ke5 33. Ke3 d4+ 34. Kd3 c5 35. h4 gxh4 36. gxh4 Kd5 37. h5 c4+ 38. Kc2 d3+ 39. Kc3 Ke6 40. h6 Kf7 41. Kxc4 Kg6 42. Kxd3 Kxh6 43. f4 Kg6 44. Ke4 Kf7 45. f5 Kf6 46. Kf4 Ke7 47. Kg5 Kf7 48. f6 Ke8 49. Kg6 Kd7 50. f7 Ke7 51. Kg7 Ke6 52. f8=Q Kd5 53. Qf5+ Kd4 54. Qc2 Kd5 55. Kf6 Kd4 56. Ke6 Ke3 57. Kd5 Kf3 58. Kd4 Kf4 59. Qf2+ Kg4 60. Ke4 Kg5 61. Ke5 Kg6 62. Ke6 Kh7 63. Kf7 Kh6 64. Kf6 Kh5 65. Qg3 Kh6 66. Qg6# 1-0

[Event "Scarborough CC-ch reserves U1700"]
[Site "Toronto CAN"]
[Date "2009.04.02"]
[Round "6"]
[White "Yusuf, Magas"]
[Black "Rogers, Michael"]
[Result "1-0"]
[WhiteElo "1318"]
[BlackElo "1389"]
[PlyCount "84"]
[GameId "2160767910260528"]
[EventDate "2009.02.26"]
[EventType "swiss"]
[EventRounds "9"]
[EventCountry "CAN"]
[SourceTitle "EXT 2011"]
[Source "ChessBase"]
[SourceDate "2011.11.26"]
[SourceVersion "1"]
[SourceVersionDate "2011.11.26"]
[SourceQuality "1"]

1. e4 c5 2. Nf3 d6 3. d4 cxd4 4. Nxd4 Nf6 5. Nc3 a6 6. f3 e5 7. Nde2 b5 8. Be3 Be7 9. Nd5 Nbd7 10. Nec3 Bb7 11. Be2 Nxd5 12. Nxd5 Bxd5 13. Qxd5 Rc8 14. Qd2 Nb6 15. O-O O-O 16. Rac1 Nc4 17. Bxc4 bxc4 18. Qd5 Qc7 19. b3 h6 20. Rfd1 Rfd8 21. g3 c3 22. a4 Rb8 23. Bf2 Bg5 24. Ra1 Kh8 25. a5 Rb5 26. Qd3 Rxa5 27. h4 Bd2 28. Kf1 d5 29. Rxa5 Qxa5 30. Be1 dxe4 31. Qxe4 Qb5+ 32. Kf2 Be3+ 33. Kxe3 Rxd1 34. Qa8+ Kh7 35. Qe4+ g6 36. Bxc3 Qc5+ 37. Ke2 Qg1 38. Qxe5 Qf1+ 39. Ke3 Qg1+ 40. Kf4 Rd4+ 41. Qxd4 Qxd4+ 42. Bxd4 a5 1-0

[Event "Scarborough CC-ch reserves U1700"]
[Site "Toronto CAN"]
[Date "2009.04.09"]
[Round "7"]
[White "Farhang, Arvin"]
[Black "Bao, Stephen"]
[Result "1-0"]
[WhiteElo "1626"]
[BlackElo "1222"]
[PlyCount "139"]
[GameId "2160767910260529"]
[EventDate "2009.02.26"]
[EventType "swiss"]
[EventRounds "9"]
[EventCountry "CAN"]
[SourceTitle "EXT 2011"]
[Source "ChessBase"]
[SourceDate "2011.11.26"]
[SourceVersion "1"]
[SourceVersionDate "2011.11.26"]
[SourceQuality "1"]

1. d4 Nf6 2. c4 e6 3. Nc3 Bb4 4. Bg5 h6 5. Bd2 d5 6. e3 O-O 7. Nf3 Nbd7 8. Bd3 dxc4 9. Bxc4 Nb6 10. Bd3 c6 11. O-O Bd7 12. a3 Be7 13. Rc1 Rc8 14. Be2 Nfd5 15. Re1 Qc7 16. Bd3 Rfd8 17. Bb1 Nc4 18. Qc2 f5 19. Ba2 Nxd2 20. Qxd2 Be8 21. Qe2 Bh5 22. g3 Bf6 23. Kg2 Kh8 24. Qd3 Qd6 25. Qc2 Re8 26. Qd3 Nxc3 27. Rxc3 Re7 28. Rcc1 Bf7 29. Qc2 Rec7 30. b4 a5 31. Qc5 Qxc5 32. bxc5 Re7 33. Rb1 g5 34. Rb6 g4 35. Ne5 Bxe5 36. dxe5 Rd7 37. Bc4 Kg7 38. Reb1 Rcc7 39. R6b2 Kf8 40. h3 h5 41. Rh1 gxh3+ 42. Kxh3 Ke7 43. f4 Bg6 44. Kg2 Rd8 45. Rhb1 Rdd7 46. Kf2 Bf7 47. Ke2 Kd8 48. Rc1 Kc8 49. Rcc2 Rd8 50. Rd2 Rcd7 51. Rd6 Re7 52. Rbd2 Rdd7 53. Kd1 Kc7 54. Kc2 h4 55. gxh4 Bg8 56. Kc3 Kd8 57. Kb3 Rxd6 58. Rxd6+ Rd7 59. Rxd7+ Kxd7 60. Ka4 Bf7 61. Be2 Kc7 62. Kxa5 Bg6 63. h5 Bh7 64. h6 Bg8 65. Bh5 Bh7 66. Bf7 Kd7 67. Kb6 Ke7 68. Bh5 Kd7 69. Kxb7 Bg8 70. a4 1-0

[Event "Scarborough CC-ch reserves U1700"]
[Site "Toronto CAN"]
[Date "2009.04.09"]
[Round "7"]
[White "Graham, John"]
[Black "Walker, John"]
[Result "0-1"]
[WhiteElo "1478"]
[BlackElo "1256"]
[PlyCount "114"]
[GameId "2160767910260530"]
[EventDate "2009.02.26"]
[EventType "swiss"]
[EventRounds "9"]
[EventCountry "CAN"]
[SourceTitle "EXT 2011"]
[Source "ChessBase"]
[SourceDate "2011.11.26"]
[SourceVersion "1"]
[SourceVersionDate "2011.11.26"]
[SourceQuality "1"]

1. e4 e5 2. Nf3 d6 3. d4 Nf6 4. Nc3 Nbd7 5. dxe5 dxe5 6. a3 Be7 7. Bc4 O-O 8. O-O c6 9. b4 Qc7 10. Bb2 h6 11. Qe2 Re8 12. Rfe1 Nf8 13. Nd2 Ne6 14. Bxe6 Bxe6 15. Nd1 c5 16. bxc5 Bxc5 17. Kh1 Bd4 18. Bxd4 exd4 19. Nb3 Bxb3 20. cxb3 Rxe4 21. Qd2 Rxe1+ 22. Qxe1 Re8 23. Qf1 Qc2 24. f3 Qe2 25. Kg1 Qxf1+ 26. Kxf1 Nd5 27. Rc1 Ne3+ 28. Nxe3 Rxe3 29. Rc8+ Kh7 30. Rd8 Rxb3 31. Rxd4 Rxa3 32. Rb4 b6 33. Kf2 Kg6 34. Kg3 Rc3 35. Rd4 Rc6 36. h4 b5 37. h5+ Kh7 38. Rd7 b4 39. Rxa7 f6 40. Rb7 Rc4 41. Kh3 Kg8 42. g4 Rc3 43. Rxb4 Rxf3+ 44. Kg2 Re3 45. Rf4 Kf7 46. Rb4 Re7 47. Kf3 g6 48. Rb5 gxh5 49. Rxh5 Kg6 50. Kf4 Rf7 51. Rf5 Re7 52. Rh5 Re5 53. Rxe5 fxe5+ 54. Kxe5 Kg5 55. Ke4 Kxg4 56. Ke3 Kg3 57. Ke2 Kg2 0-1

[Event "Scarborough CC-ch reserves U1700"]
[Site "Toronto CAN"]
[Date "2009.04.09"]
[Round "7"]
[White "Pishdad, Hassan"]
[Black "Termeer, Ted"]
[Result "0-1"]
[WhiteElo "1344"]
[BlackElo "1482"]
[PlyCount "96"]
[GameId "2160767910260531"]
[EventDate "2009.02.26"]
[EventType "swiss"]
[EventRounds "9"]
[EventCountry "CAN"]
[SourceTitle "EXT 2011"]
[Source "ChessBase"]
[SourceDate "2011.11.26"]
[SourceVersion "1"]
[SourceVersionDate "2011.11.26"]
[SourceQuality "1"]

1. e4 c5 2. Nc3 Nc6 3. Bb5 Qb6 4. d3 d6 5. a4 Bd7 6. Nd5 Qd8 7. Be3 Ne5 8. d4 cxd4 9. Qxd4 e6 10. Nc3 Qa5 11. Bxd7+ Nxd7 12. Nge2 e5 13. Qd5 Qxd5 14. Nxd5 Rc8 15. c3 a6 16. O-O Ngf6 17. Nxf6+ Nxf6 18. f3 Be7 19. Rad1 O-O 20. Ng3 g6 21. f4 Rc4 22. fxe5 dxe5 23. Bg5 Kg7 24. Bxf6+ Bxf6 25. Rd6 Be7 26. Rd7 Bc5+ 27. Kh1 b6 28. Rd5 f6 29. b4 Be3 30. Rd3 Bf4 31. Re1 Rfc8 32. Rd6 R4c6 33. Rxc6 Rxc6 34. b5 axb5 35. axb5 Rxc3 36. Nf1 Rb3 37. g3 Bh6 38. Rd1 Rxb5 39. Rd7+ Kg8 40. Rd8+ Bf8 41. Rb8 Rb1 42. Kg2 Kg7 43. Rb7+ Kh6 44. Ne3 b5 45. Ng4+ Kg5 46. Rxh7 Kxg4 47. Rf7 Bc5 48. Rxf6 Rg1# 0-1

[Event "Scarborough CC-ch reserves U1700"]
[Site "Toronto CAN"]
[Date "2009.04.09"]
[Round "7"]
[White "Rogers, Michael"]
[Black "Yie, Kevin Yi Xiao"]
[Result "1-0"]
[WhiteElo "1389"]
[BlackElo "914"]
[PlyCount "53"]
[GameId "2160767910260532"]
[EventDate "2009.02.26"]
[EventType "swiss"]
[EventRounds "9"]
[EventCountry "CAN"]
[SourceTitle "EXT 2011"]
[Source "ChessBase"]
[SourceDate "2011.11.26"]
[SourceVersion "1"]
[SourceVersionDate "2011.11.26"]
[SourceQuality "1"]

1. e4 c5 2. Nf3 d6 3. d4 cxd4 4. Nxd4 Nf6 5. Nc3 a6 6. Bg5 e6 7. f4 e5 8. Nf3 Nc6 9. Bc4 Be7 10. Qe2 O-O 11. O-O-O b5 12. Bb3 Na5 13. Bd5 Nxd5 14. Nxd5 Bxg5 15. Nxg5 Bb7 16. Qg4 Bxd5 17. Rxd5 exf4 18. Rf1 h6 19. Nh3 Qe7 20. Rxf4 Rac8 21. Rh5 Qc7 22. c3 Kh7 23. Rxh6+ gxh6 24. Qf5+ Kh8 25. Qf6+ Kh7 26. Rh4 Rh8 27. Rxh6+ 1-0

[Event "Scarborough CC-ch reserves U1700"]
[Site "Toronto CAN"]
[Date "2009.04.09"]
[Round "7"]
[White "Wang, Jason"]
[Black "Yusuf, Magas"]
[Result "0-1"]
[WhiteElo "943"]
[BlackElo "1318"]
[PlyCount "32"]
[GameId "2160767910260533"]
[EventDate "2009.02.26"]
[EventType "swiss"]
[EventRounds "9"]
[EventCountry "CAN"]
[SourceTitle "EXT 2011"]
[Source "ChessBase"]
[SourceDate "2011.11.26"]
[SourceVersion "1"]
[SourceVersionDate "2011.11.26"]
[SourceQuality "1"]

1. e4 e5 2. f3 Nc6 3. Nc3 Nf6 4. Bc4 Bc5 5. Nh3 d6 6. g4 Nxg4 7. fxg4 Qh4+ 8. Kf1 Qxh3+ 9. Ke1 Bxg4 10. Ne2 Qh4+ 11. Ng3 Bxd1 12. Kxd1 O-O 13. d3 Qg4+ 14. Ke1 Nd4 15. c3 Nc2+ 16. Kf1 Qf3# 0-1